| 000 | 00590nam a2200205 a 4500 | ||
|---|---|---|---|
| 005 | 20250116063841.0 | ||
| 008 | 010830s1982 mx r 000 0 spa d | ||
| 020 | _a9681611454 | ||
| 035 | _aUPN01000110790 | ||
| 049 | _aCG | ||
| 050 | 4 |
_aLB41 _bR4.8 |
|
| 245 | 1 | 3 |
_aLa revista del Instituto Nacional de Pedagogía / _ccoord. José Angel Pescador. |
| 260 |
_aMéxico : _bFCE, _c1982. |
||
| 300 | _a2 v. | ||
| 440 | 0 |
_aSEP/80 ; _v24 |
|
| 500 | _aLa biblioteca tiene el v.2 | ||
| 650 | 4 |
_aEducación _9682 |
|
| 700 | 1 |
_aPescador Osuna, José Angel, _d1954- _ecoord. _929406 |
|
| 905 | _aLibro | ||
| 999 |
_c84699 _d84699 |
||